| 000 | 00597nam a2200169 a 4500 | ||
|---|---|---|---|
| 001 | 000025703 | ||
| 005 | 20260304085435.0 | ||
| 008 | 110221s19uu dr 000 0 spa d | ||
| 040 |
_aDO-SdBNP _bspa _cBNPHU |
||
| 100 | 1 |
_aLivio Cedeño, Pedro _952467 |
|
| 245 | 1 | 3 |
_aEl modelo económico dominicano / _cPedro Livio Cedeño ; prólogo José Francisco Peña Gómez. |
| 260 |
_a[s.l.], _cFundación para la Cultura. |
||
| 300 |
_a169 P. ; _c16 cm. |
||
| 490 | 1 | _aPopular Isabel Jiménez | |
| 700 | 1 |
_aPeña Gomez, Jose Francisco , _d1937-1998 _epról. _92994 |
|
| 830 | 0 |
_aPopular Isabel Jiménez _952468 |
|
| 999 |
_c25195 _d25195 |
||